000 00373nam a2200181Ia 4500
100 _aLock/Dennis
650 _aProject Management
250 _a9
942 _cBK
366 _f20
654 _aproject management
245 _aProject Management
260 _bGower
_aUSA
_c2007
082 _a658.404/LOC
_bLOC
300 _a520
546 _aENGLISH
999 _c25238
_d25238